00381 a2200145 450000100060000002000180000604000240002410000200004824000330006824500280010130000080012936200090013744000480014665000410019412574 a9788571961319 cAnchieta - Aquarius aLyra, Itaberaba10a!Já dizia minha avólpor10a!Já dizia minha avó a3930 a2010 1aAssembléia Legislativa do Estado da Bahia 4aFolclore / Adivinhações / Lendas